Capitals Beginning with S - Statistics

General Stats
  • This quiz has been taken 586 times
    563 since last reset
  • The average score is 13 of 18
Answer Stats
Capital % Correct
Stockholm
91%
Santiago
87%
San Marino
84%
Seoul
83%
Sarajevo
81%
Sanaá
79%
Singapore
78%
San Salvador
77%
San José
75%
Suva
75%
Santo Domingo
74%
São Tome
74%
Sofia
68%
St George's
68%
Skopje
66%
St John's
66%
Sri Jayawardenapura Kotte
60%
South Tarawa
39%
No matching quizzes found
Score Distribution
Percent of People with Each Score
Percentile by Number Answered
Your Score History
You have not taken this quiz since the last reset